Statistics for Countries with two Es

Click here to take the quiz!

General Stats

  • This quiz has been taken 215 times
    (187 since last reset)
  • The average score is 16 of 27

Answer Stats

country% Correct
United States
87%
Greece
77%
New Zealand
77%
Seychelles
76%
Venezuela
76%
Netherlands
74%
Sweden
74%
Yemen
74%
Eritrea
70%
St Vincent and the Grenadines
67%
United Arab Emirates
67%
Liechtenstein
66%
Equatorial Guinea
64%
Senegal
64%
Central African Republic
61%
Papua New Guinea
61%
Czech Republic
60%
Belize
57%
Sierra Leone
57%
Cabo Verde
53%
Montenegro
47%
São Tomé and Príncipe
47%
Côte d'Ivoire
46%
Bosnia & Herzegovina
44%
Greenland
44%
Timor-Leste
27%
Palestine
17%

Score Distribution

Percentile by Number Answered

Percent of People with Each Score

Your Score History

You have not taken this quiz since the last reset